Christmas Movies - Statistics

General Stats
  • This quiz has been taken 68 times
    38 since last reset
  • The average score is 10 of 16
Answer Stats
Picture Answer % Correct
How the Grinch Stole Christmas
97%
Elf
94%
Home Alone
91%
Die Hard
88%
Arthur Christmas
76%
The Polar Express
76%
It's A Wonderful Life
70%
The Santa Clause
70%
Bad Santa
58%
Love Actually
52%
Miracle on 34th Street
52%
Scrooged
48%
The Holiday
48%
National Lampoon's Christmas Vacation
42%
Klaus
33%
The Muppet Christmas Carol
30%
No matching quizzes found
Score Distribution
Percent of People with Each Score
Percentile by Number Answered
Your Score History
You have not taken this quiz since the last reset